History Quiz

Random History or Art Quiz

Philosophy of Art and the Beautiful Quiz Stats

 Plays Quiz not verified by Sporcle

Score 0/19 Timer 15:00
0 Plays Today
Piece Title Philosopher % Correct
Phaedrus & RepublicPlato
87%
PoeticsAristotle
82.1%
Critique of Judgement & Analytic of the SublimeKant
80.2%
Birth of TragedyNietzsche
69.1%
The World as Will and RepresentationSchopenhauer
59.3%
AntigoneSophocles
52.5%
Tragedy as a Dramatic ArtHegel
48.8%
Of the Standard of TasteHume
48.1%
History of AestheticsHeidegger
23.5%
Letter of an Aesthetic Education of ManSchiller
23.5%
Piece Title Philosopher % Correct
Truth and MethodGadamer
22.2%
Our Ideas of the Sublime and BeautifulBurke
21%
Ennead I, viPlotinus
19.8%
Lives of the ArtistsVasari
17.9%
Philosophy of ArtSchelling
11.7%
De MusicaSt Augustine
8.6%
On the Reduction of Arts to TheologySt Bonaventure
5.6%
Original of Our ideas of Beauty and VirtueHutcheson
5.6%
Moral OrientationGilligan
4.9%

You're not logged in!

Compare scores with friends on all Sporcle quizzes.
OR
Log In

Show Comments

Extras

Top Quizzes Today


Score Distribution

Your Account Isn't Verified!

In order to create a playlist on Sporcle, you need to verify the email address you used during registration. Go to your Sporcle Settings to finish the process.

Report this User

Report this user for behavior that violates our Community Guidelines.

Details: